| 000 | 00461nam a2200097Ia 4500 | ||
|---|---|---|---|
| 008 | 180130s9999 xx 000 0 und d | ||
| 245 |
_cSimmons, Geoff; Palmer, Mark; Truong, Yann _aInscribing value on business model innovations: insights from industrial projects commercializing disruptive digital innovations |
||
| 260 | _c2015 | ||
| 300 | _aBook title: Industrial project management--Acession number C20535; pages 1-32 | ||
| 650 | _aPROJECT MANAGEMENT--INDUSTRIAL | ||
| 999 |
_c354235 _d354235 |
||